000 00586nam a2200253Ia 4500
005 20260121153840.0
008 008 260114s9999 xx 000 0 eng d
020 _a9780203793534
037 _aEBOOK
040 _aCRL
040 _beng
040 _cCRL
041 _2eng
041 _aeng
084 _qCRL
100 _aAnton Pelinka
_9999893
245 0 _aDemocracy Indian Style
260 _bTaylor and Francis
260 _c2003
856 _uhttp://www.taylorfrancis.com/books/9780203793534
942 _cEBOOK
999 _c1566714
_d1566714